| 000 | 01574cam a2200445 a 4500 | ||
|---|---|---|---|
| 001 | 5665 | ||
| 003 | FISKH | ||
| 005 | 20250110083743.0 | ||
| 008 | 061201s2007 nyua b 000 1 eng | ||
| 010 | _a 2006036254 | ||
| 020 | _a9780060535612 (trade bdg.) | ||
| 020 | _a9780545104838 | ||
| 020 | _a006053561X (trade bdg.) | ||
| 020 | _a9780060535629 (lib. bdg.) | ||
| 020 | _a0060535628 (lib. bdg.) | ||
| 040 |
_aDLC _cDLC _dDLC _beng |
||
| 050 | _aPZ7.K315 | ||
| 082 | _a178 | ||
| 100 | 1 | _aKenah, Katharine. | |
| 245 | 1 | 4 |
_aThe best chef in second grade / _cstory by Katharine Kenah ; pictures by Abby Carter. |
| 250 | _aFirst Scholastic printing, September 2008 | ||
| 260 |
_aNew York : _bScholastic, _c2007 |
||
| 300 |
_a48 pages : _bcolor illustrations ; _c23 cm |
||
| 490 | 1 | _aI can read! 2, Reading with help | |
| 505 | _aJ | ||
| 520 | _aA famous chef is coming to visit Mr. Hopper's second grade class, and every one is excited about bringing in their family's favorite dish to share except Ollie, who loves to cook but cannot find a dish his whole family likes. | ||
| 521 |
_a490
_bLexile |
||
| 521 |
_aJ
_bRaz-Plus |
||
| 650 | 0 |
_aCooking _vJuvenile fiction. |
|
| 650 | 0 |
_aIndividuality _vJuvenile fiction. |
|
| 650 | 0 |
_aSchools _vJuvenile fiction. |
|
| 650 | 1 |
_aCooking _vFiction. |
|
| 650 | 1 |
_aIndividuality _vFiction. |
|
| 650 | 1 |
_aSchools _vFiction. |
|
| 700 | 1 |
_aCarter, Abby, _eillustrator |
|
| 830 | 0 | _aI can read book. | |
| 906 |
_a7 _bcbc _corignew _d1 _eecip _f20 _gy-gencatlg |
||
| 942 |
_2ddc _cBK _n0 |
||
| 999 |
_c5665 _d5665 |
||